| 000 | 00863nam a22002057a 4500 | ||
|---|---|---|---|
| 999 |
_c19632 _d19632 |
||
| 003 | AR-CdUCM | ||
| 008 | 190518b ||||| |||| 00| 0 spa d | ||
| 040 |
_aMUNICIPALIDAD PROVINCIAL DEL CUSCO _cBIBLIOTECA MUNICIPAL DEL CUSCO |
||
| 082 |
_a340.7 / _bT48 |
||
| 100 |
_aThorne Boas, Carlos _941081 |
||
| 245 |
_aLa interpretación de la ley : _bcuestiones metodológicas y otros ensayos de filosofía y sociología del derecho / |
||
| 260 |
_aLima : _bCultura Cuzco, _c1989. |
||
| 300 |
_a68 páginas ; _c21 cm. |
||
| 505 | _aContenido: La interpretación de la ley (cuestiones metodológicas) -- El derecho en una sociedad en transformación -- Hacia una nueva sociología del derecho... | ||
| 650 |
_aDerecho _9739 |
||
| 650 |
_aInterpretación y aplicación _98705 |
||
| 650 |
_aEstudio y enseñanza _92610 |
||
| 942 |
_2ddc _cLIBROS |
||
| 945 |
_aacv _d2019-05-18 |
||